000 00559nam a2200217Ia 4500
999 _c50513
_d50513
001 17462
003 GE_BSU
005 20200302104320.0
008 181216s2000||||enk|||||||||||||| ||eng||
020 _a0333757556
040 _cGE_BSU
041 _ageo
080 _a811.111 K-37
100 _aKerr, Philip
_97660
245 _aInside out :
_bWorkbook. Intermediate /
_cPhilip Kerr.
264 _c2000.
300 _a95 p.
_b+CD
653 _aინგლისური ენა
653 _aსამუშაო წიგნი
942 _cBK
_2udc